000 01872nam2a22004451 4500
001 v19\rc\1730590
005 20240702130544.0
035 _a(NLR Aleph) 004826074
090 _a5062727
_c5062727
100 _a20061002d1912 u y0rusy50 ca
101 0 _arus
102 _aRU
105 _ay z 000yy
200 1 _aВоенные действия с 1 декабря 1877 г. по 1 января 1878 г.
_hч. 1
_iОбщий очерк событий и действия в западном районе театра войны
210 _d1912
215 _aVIII, 671 с.
461 0 _1001v19\rc\1730572
_12001#$aОписание Русско-Турецкой войны 1877-78 гг. на Балканском полуострове$vТ. 8
_95062569
_cСанкт-Петербург
_d1899-1914
_nИздание Военно-исторической Комиссии Главнаго Штаба
_tОписание Русско-Турецкой войны 1877-78 гг. на Балканском полуострове
_vТ. 8
532 1 1 _aВоенные действия с первого декабря тысяча восемьсот семьдесят седьмого года по 1 января 1878 г.
801 0 _aRU
_bNLR
_gpsbo
801 0 _aRU
_bRuMoRGB
_2psbo
801 1 _aRU
_bProSoft-M
_2rusmarc
852 _aNLR
_j132/1422(8-1)
852 _aNLR
_j37.3.1.7(8-1)
899 _aRuMoRGB
_jΔ 35/225
899 _aRuMoRGB
_jΔ 20/63
899 _aRuMoRGB
_jΔ 747/384
899 _aRuMoRGB
_jΔ 572/5
899 _aRuMoRGB
_jΔ 502/220
899 _aБАН
899 _aНБ СПбГУ
899 _aГПИБ
899 _aНБ МГУ
899 _aRuMoRGB
_jS 73/6
899 _aRuMoRGB
_jU 332/72
899 _aRuMoRGB
_jE 95/508
899 _aRuMoRGB
_jΔ 15/94
942 _cBOOK
980 _aSCAN_DONE
980 _aNB